Great white sharks / (Record no. 577)

MARC details
000 -LEADER
fixed length control field 00969cam a2200277 i 4500
005 - DATE AND TIME OF LATEST TRANSACTION
control field 20231211141655.0
020 ## - INTERNATIONAL STANDARD BOOK NUMBER
International Standard Book Number 9780531233597 (library binding)
020 ## - INTERNATIONAL STANDARD BOOK NUMBER
International Standard Book Number 9780531251577 (pbk.)
040 ## - CATALOGING SOURCE
Original cataloging agency DLC
Language of cataloging eng
Transcribing agency DLC
Description conventions rda
Modifying agency DLC
050 00 - LIBRARY OF CONGRESS CALL NUMBER
Classification number QL638.95.L3
Item number G765 2013
082 00 - DEWEY DECIMAL CLASSIFICATION NUMBER
Classification number 597.3/3
Edition number 23
100 1# - MAIN ENTRY--PERSONAL NAME
Personal name Gregory, Josh.
245 10 - TITLE STATEMENT
Title Great white sharks /
Statement of responsibility, etc. by Josh Gregory.
260 ## - PUBLICATION, DISTRIBUTION, ETC.
Place of publication, distribution, etc. New York :
Name of publisher, distributor, etc. Scholastic.
Date of publication, distribution, etc. 2014
300 ## - PHYSICAL DESCRIPTION
Extent 48 pages :
Other physical details color illustrations, color maps ;
Dimensions 22 cm.
490 0# - SERIES STATEMENT
Series statement Nature's children
505 0# - FORMATTED CONTENTS NOTE
Formatted contents note S
505 0# - FORMATTED CONTENTS NOTE
Formatted contents note Underwater warriors -- Hunting in the depths -- Shark life -- Past and present predators -- Sharing the seas with sharks.
520 ## - SUMMARY, ETC.
Summary, etc. An introduction to the characteristics and habitat of the great white shark.
521 ## - TARGET AUDIENCE NOTE
Target audience note 940 <br/>
Source Lexile
521 ## - TARGET AUDIENCE NOTE
Target audience note S <br/>
Source Raz-Plus
650 #0 - SUBJECT ADDED ENTRY--TOPICAL TERM
Topical term or geographic name entry element White shark
Form subdivision Juvenile literature.
906 ## - LOCAL DATA ELEMENT F, LDF (RLIN)
a 7
b cbc
c orignew
d 1
e ecip
f 20
g y-gencatlg
942 ## - ADDED ENTRY ELEMENTS (KOHA)
Source of classification or shelving scheme Dewey Decimal Classification
Koha item type Books
Suppress in OPAC No
999 ## -
-- 577
-- 577
Holdings
Withdrawn status Lost status Source of classification or shelving scheme Damaged status Not for loan Collection Home library Current library Shelving location Date acquired Total Checkouts Full call number Barcode Date last seen Copy number Price effective from Koha item type
    Dewey Decimal Classification     Non-Fiction Footprints International School Library Network Toul Kork Campus Footprints International School Library Network Toul Kork Campus A TK Campus, 4th Floor, Room B401, Non-Fiction Bookcases(7-8) 06/16/2023   GRE 597.3 QL638.9 FISTK01810 06/16/2023 1 06/16/2023 Books
    Dewey Decimal Classification     Non-Fiction Footprints International School Library Network Toul Kork Campus Footprints International School Library Network Toul Kork Campus A TK Campus, 4th Floor, Room B401, Non-Fiction Bookcases(7-8) 09/06/2024   GRE 597.3 QL638.9 FISBK05358 09/06/2024 2 09/06/2024 Books